00713cam4a220025300 4500001001200000008004100012010001600053020001500069035001900084035002100103035002200124050002300146082000800169245005600177250001100233260004600244500002000290504002600310650002100336700003000357949004700387004000600434999001900440lce00433130790423s1979 iaua b 001 0 eng  a 78059903 a0697045625 a(Sirsi) r53756 a(DLC) 78059903 a(UPRA)lce004331300 aQH308.2b.C66 1979 a57400aConcepts in biology /cEldon D. Enger ... [et al.]. a2d ed. aDubuque, Iowa :bW. C. Brown Co.,cc1979. aIncludes index. aBibliography: p. 506. 0aBiology.6S245.11 aEnger, Eldon D.6A12513.1 aQH308.2wlcci-68893mMAINtBOOKlON-SHELF53756 c138794d138794